Best NFL Players At Each Position: 2022 Edition - Statistics

General Stats
  • This quiz has been taken 102 times
  • The average score is 76 of 130
Answer Stats
Rank Team Player % Correct
4. Eagles Jalen Hurts
100%
3. Bengals Joe Burrow
100%
2. Bills Josh Allen
100%
9. Ravens Lamar Jackson
99%
1. Chiefs Patrick Mahomes
99%
10. Seahawks Geno Smith
98%
8. Commanders Jonathan Allen
98%
1. Chiefs Travis Kelce
98%
6. Dolphins Tua Tagovailoa
98%
7. Cowboys Dak Prescott
96%
2. 49ers George Kittle
96%
1. Eagles Jason Kelce
96%
3. Titans Derrick Henry
95%
5. Chargers Justin Herbert
95%
1. 49ers Christian McCaffrey
94%
8. Jaguars Trevor Lawrence
94%
2. Browns Nick Chubb
93%
2. Dolphins Tyreek Hill
93%
6. Bengals Ja'Marr Chase
91%
1. Vikings Justin Jefferson
91%
10. Ravens Roquan Smith
91%
10. Vikings Za'Darius Smith
91%
3. Ravens Mark Andrews
90%
7. Giants Saquon Barkley
90%
3. Bills Stefon Diggs
90%
7. Cowboys Trevon Diggs
90%
4. Eagles A.J. Brown
89%
5. Patriots David Andrews
88%
5. Giants Dexter Lawrence
88%
5. Raiders Davante Adams
87%
7. Rams Cooper Kupp
84%
10. 49ers Deebo Samuel
84%
4. Colts Jonathan Taylor
84%
5. Raiders Josh Jacobs
82%
9. Bengals Joe Mixon
80%
8. Cardinals DeAndre Hopkins
79%
4. Falcons Kyle Pitts
79%
8. Cowboys Tony Pollard
79%
9. Seahawks Tyler Lockett
77%
8. Titans Ben Jones
76%
3. Steelers T.J. Watt
76%
2. Chiefs Chris Jones
74%
5. Raiders Darren Waller
74%
4. Jets Quinnen Williams
74%
1. 49ers Trent Williams
74%
6. Chargers Austin Ekeler
73%
6. Chargers Joey Bosa
73%
2. Cowboys Micah Parsons
73%
4. 49ers Nick Bosa
73%
1. Rams Aaron Donald
72%
1. Browns Myles Garrett
71%
8. Vikings T.J. Hockenson
70%
9. Browns David Njoku
68%
9. Eagles C.J. Gardner-Johnson
67%
2. Eagles Lane Johnson
66%
10. Patriots Rhamondre Stevenson
66%
5. Raiders Maxx Crosby
65%
6. Eagles Dallas Goedert
63%
1. Cowboys Zack Martin
60%
1. Jets Sauce Gardner
57%
10. Jets Alijah Vera-Tucker
56%
2. Rams Jalen Ramsey
56%
1. Ravens Justin Tucker
55%
10. Cowboys Dalton Schultz
52%
4. Broncos Patrick Surtain II
52%
1. 49ers Fred Warner
51%
8. Panthers Brian Burns
50%
3. Titans Jeffery Simmons
50%
6. Broncos Justin Simmons
50%
5. Eagles Darius Slay
49%
1. Chargers Derwin James
49%
7. Steelers Pat Freiermuth
49%
3. Buccaneers Tristan Wirfs
49%
6. Steelers Cameron Heyward
48%
7. Patriots Matt Judon
48%
2. Steelers Minkah Fitzpatrick
48%
2. Chiefs Creed Humphrey
46%
3. Colts Quenton Nelson
46%
6. Packers Jaire Alexander
45%
2. Buccaneers Lavonte David
45%
10. Cardinals Budda Baker
44%
4. Chiefs Harrison Butker
44%
8. Bills Jordan Poyer
44%
3. Colts Stephon Gilmore
43%
7. Colts DeForest Buckner
41%
3. Lions Frank Ragnow
41%
5. Saints Demario Davis
40%
9. Eagles Haason Reddick
40%
8. Eagles Jake Elliott
40%
8. Texans Laremy Tunsil
40%
10. Lions Penei Sewell
40%
4. Giants Andrew Thomas
39%
3. Bills Micah Hyde
39%
10. Dolphins Christian Wilkins
38%
6. Falcons Younghoe Koo
38%
5. Buccaneers Antoine Winfield Jr.
37%
2. Browns Joel Bitonio
37%
2. Raiders Daniel Carlson
35%
9. Bengals Evan McPherson
35%
4. Titans Kevin Byard
35%
4. Bills Matt Milano
35%
6. Chiefs Joe Thuney
34%
6. Rams Bobby Wagner
33%
9. 49ers Charvarius Ward
33%
7. 49ers Dre Greenlaw
33%
9. Packers Kenny Clark
33%
3. Colts Shaquille Leonard
33%
5. Steelers Chris Boswell
32%
7. Chargers Rashawn Slater
32%
7. 49ers Talanoa Hufanga
32%
4. Chargers Corey Linsley
29%
5. Eagles Jordan Mailata
29%
5. Falcons Chris Lindstrom
28%
3. Seahawks Jason Myers
28%
10. 49ers Robbie Gould
28%
8. Eagles James Bradberry
26%
7. Colts Ryan Kelly
26%
6. Saints Ryan Ramczyk
26%
7. Browns Wyatt Teller
24%
9. Ravens Tyler Linderbaum
23%
9. Vikings Christian Darrisaw
22%
8. Packers Elgton Jenkins
22%
7. Rams Matt Gay
22%
6. Bills Mitch Morse
22%
10. Buccaneers Ryan Jensen
22%
10. Buccaneers Jamel Dean
17%
9. Eagles T.J. Edwards
16%
9. Buccaneers Shaq Mason
13%
8. Browns Jeremiah Owusu-Koramoah
11%
4. Patriots Michael Onwenu
11%
No matching quizzes found
Score Distribution
Percent of People with Each Score
Percentile by Number Answered
Your Score History
You have not taken this quiz